Statistics for Countries by First Two Letters of Languages in 30 Seconds

Click here to take the quiz!

General Stats

  • This quiz has been taken 1,234 times
  • The average score is 140 of 192

Answers on the Map

Answers color-coded by a green-red scale on the quiz's map according to % correct below.
 

Answer Stats

LanguagesCountry% Correct
Chinese, English, Malay, TamilSingapore
99%
Chewa, EnglishMalawi
98%
French, English, Seychellois CreoleSeychelles
98%
French, EnglishCameroon
97%
English, FrenchCanada
97%
English, Arabic, TigrinyaEritrea
97%
Maltese, EnglishMalta
97%
English, MarshalleseMarshall Islands
97%
English, Māori, New Zealand Sign LanguageNew Zealand
97%
English, French, KinyarwandaRwanda
97%
Afrikaans, English, Southern Ndebele, Northern Sotho, Sotho, Swazi, Tswana, Tsonga, Venda, Xhosa, ZuluSouth Africa
97%
Arabic, EnglishSudan
97%
Bislama, English, FrenchVanuatu
97%
Spanish, French, PortugueseEquatorial Guinea
96%
English, SwaziEswatini
96%
English, SwahiliKenya
96%
Swahili, EnglishTanzania
96%
English, SwahiliUganda
96%
English, Hindustani (Hindi)India
95%
Irish, EnglishIreland
95%
English, Hindustani (Urdu)Pakistan
95%
English, Tok Pisin, Hiri MotuPapua New Guinea
95%
English, Shona, Northern NdebeleZimbabwe
95%
Belarusian, RussianBelarus
94%
Dutch, French, GermanBelgium
94%
Kazakh, RussianKazakhstan
94%
Kyrgyz, RussianKyrgyzstan
94%
French, German, LuxembourgishLuxembourg
94%
French, MalagasyMadagascar
94%
English, NauruanNauru
94%
English, PalauanPalau
94%
English, FilipinoPhilippines
94%
RussianRussia
94%
English, SamoanSamoa
94%
German, French, Italian, RomanshSwitzerland
94%
English, TonganTonga
94%
Tuvaluan, EnglishTuvalu
94%
EnglishAntigua and Barbuda
93%
EnglishBahamas
93%
EnglishBarbados
93%
EnglishBelize
93%
Arabic, FrenchChad
93%
Arabic, Comorian, FrenchComoros
93%
Arabic, FrenchDjibouti
93%
EnglishDominica
93%
EnglishFederated States of
Micronesia
93%
EnglishGambia
93%
EnglishGhana
93%
EnglishGrenada
93%
EnglishGuyana
93%
EnglishJamaica
93%
English, GilberteseKiribati
93%
EnglishLiberia
93%
EnglishNamibia
93%
EnglishNigeria
93%
EnglishSaint Kitts and Nevis
93%
EnglishSaint Lucia
93%
EnglishSaint Vincent and the
Grenadines
93%
EnglishSierra Leone
93%
EnglishSolomon Islands
93%
EnglishSouth Sudan
93%
EnglishTrinidad and Tobago
93%
EnglishUnited Kingdom
93%
EnglishZambia
93%
Spanish, GuaraníParaguay
92%
SpanishArgentina
91%
Spanish, Quechua, AymaraBolivia
91%
SpanishChile
91%
SpanishColombia
91%
SpanishCosta Rica
91%
SpanishCuba
91%
SpanishDominican Republic
91%
SpanishEcuador
91%
SpanishEl Salvador
91%
SpanishGuatemala
91%
SpanishHonduras
91%
SpanishNicaragua
91%
SpanishPanama
91%
SpanishPeru
91%
SpanishSpain
91%
SpanishUruguay
91%
SpanishVenezuela
91%
FrenchBenin
90%
FrenchBurkina Faso
90%
Kirundi, FrenchBurundi
90%
French, SangoCentral African Republic
90%
FrenchDemocratic Republic
of the Congo
90%
FrenchFrance
90%
FrenchGabon
90%
FrenchGuinea
90%
French, Haitian CreoleHaiti
90%
FrenchIvory Coast
90%
FrenchMali
90%
FrenchMonaco
90%
FrenchNiger
90%
FrenchRepublic of the Congo
90%
FrenchSenegal
90%
FrenchTogo
90%
PortugueseAngola
86%
PortugueseBrazil
86%
PortugueseCape Verde
86%
Portuguese, TetumEast Timor
86%
PortugueseGuinea-Bissau
86%
PortugueseMozambique
86%
PolishPoland
86%
PortuguesePortugal
86%
PortugueseSão Tomé and Príncipe
86%
ChineseChina
84%
ChineseTaiwan
84%
Arabic, SomaliSomalia
83%
Arabic, HebrewIsrael
81%
ArabicAlgeria
80%
ArmenianArmenia
80%
ArabicBahrain
80%
ArabicEgypt
80%
ArabicIraq
80%
ArabicJordan
80%
ArabicKuwait
80%
ArabicLebanon
80%
ArabicLibya
80%
ArabicMauritania
80%
Berber, ArabicMorocco
80%
ArabicOman
80%
ArabicQatar
80%
ArabicSaudi Arabia
80%
ArabicSyria
80%
ArabicTunisia
80%
ArabicUnited Arab Emirates
80%
ArabicYemen
80%
English, SothoLesotho
76%
GermanAustria
72%
GeorgianGeorgia
72%
GermanGermany
72%
GermanLiechtenstein
72%
Finnish, SwedishFinland
68%
Malay (Indonesian)Indonesia
67%
SwedishSweden
63%
ItalianItaly
59%
ItalianSan Marino
59%
ItalianVatican City
59%
JapaneseJapan
56%
Romanian (Moldovan)Moldova
56%
MalayBrunei
53%
MalayMalaysia
53%
MaldivianMaldives
53%
MacedonianNorth Macedonia
53%
NorwegianNorway
52%
Greek, TurkishCyprus
51%
Persian (Tajik)Tajikistan
46%
UkrainianUkraine
46%
MongolianMongolia
45%
KoreanNorth Korea
44%
KoreanSouth Korea
44%
TurkishTurkey
44%
TurkmenTurkmenistan
44%
Pashto, Persian (Dari)Afghanistan
42%
DanishDenmark
39%
PersianIran
39%
DutchNetherlands
39%
DutchSuriname
39%
ThaiThailand
39%
IcelandicIceland
34%
LaoLaos
33%
LatvianLatvia
33%
VietnameseVietnam
32%
Albanian, Serbo-Croatian (Serbian)Kosovo
28%
RomanianRomania
28%
BulgarianBulgaria
27%
BurmeseMyanmar
27%
English, Fijian, Fiji HindiFiji
24%
CatalanAndorra
23%
EstonianEstonia
23%
Bosnian, Croatian, SerbianBosnia and
Herzegovina
22%
CroatianCroatia
22%
AmharicEthiopia
22%
GreekGreece
22%
MontenegrinMontenegro
22%
SerbianSerbia
22%
LithuanianLithuania
18%
NepaliNepal
18%
BengaliBangladesh
17%
Sinhala, TamilSri Lanka
17%
CzechCzech Republic
15%
SlovakSlovakia
13%
SloveneSlovenia
13%
KhmerCambodia
12%
AlbanianAlbania
11%
UzbekUzbekistan
11%
HungarianHungary
10%
TswanaBotswana
9%
AzerbaijaniAzerbaijan
6%
DzongkhaBhutan
6%

Score Distribution

Percentile by Number Answered

Percent of People with Each Score

Your Score History

You have not taken this quiz